| 000 | 00936cam a2200277 a 4500 | ||
|---|---|---|---|
| 001 | 153 | ||
| 003 | BR-CuiBMT | ||
| 005 | 20231120025310.0 | ||
| 008 | 230821r2022 mgba 000 0 por d | ||
| 020 | _a9786555182972 | ||
| 040 |
_aBR-CuiBMT _cBR-CuiBMT |
||
| 080 |
_22007 _a519.23:351.94:336.148 |
||
| 090 |
_a519.23:351.94:336.148 _bG216j |
||
| 100 | 1 | _aGarcia, Gilson Piqueras | |
| 245 | 1 | 0 |
_aJurimetria aplicada aos tribunais de contas / _cGilson Piqueras Garcia. |
| 250 | _a[1. ed.] | ||
| 260 |
_aBelo Horizonte : _bFórum, _cc2022. |
||
| 300 |
_a182 p. : _bil. ; _c21 cm |
||
| 504 | _aInclui Bibliografia. | ||
| 590 | _aA Biblioteca possui a 1. reimpr. 2022. | ||
| 650 |
_aEstatística judiciária _xTribunais de contas _zBrasil |
||
| 650 |
_aTribunais de contas _xDecisão judicial _zBrasil |
||
| 650 |
_aDireito público _xMétodos estatísticos _zBrasil |
||
| 650 |
_aControle externo _xTribunais de contas |
||
| 942 |
_2udc _cLV |
||
| 999 |
_c153 _d153 |
||